European office property markets 2009 (Record no. 110153)

MARC details
000 -LEADER
fixed length control field 01161cad a22002415a 4500
001 - CONTROL NUMBER
control field E148667
008 - FIXED-LENGTH DATA ELEMENTS--GENERAL INFORMATION
fixed length control field 091016s2009 xxkd f s 000 0 eng d
035 ## - SYSTEM CONTROL NUMBER
System control number (Sirsi) u148667
041 0# - LANGUAGE CODE
Language code of text/sound track or separate title eng
050 04 - LIBRARY OF CONGRESS CALL NUMBER
Classification number 333.337 $2 18
110 2# - MAIN ENTRY--CORPORATE NAME
Corporate name or jurisdiction name as entry element King Sturge
9 (RLIN) 3877
245 00 - TITLE STATEMENT
Title European office property markets 2009
Medium [electronic resource]
260 ## - PUBLICATION, DISTRIBUTION, ETC.
Place of publication, distribution, etc. [S.l.]
Name of publisher, distributor, etc. King Sturge
Date of publication, distribution, etc. 2009
490 #0 - SERIES STATEMENT
Series statement King Sturge European Office Property Markets
Volume/sequential designation 2009
520 ## - SUMMARY, ETC.
Summary, etc. Forecasts that although Europe should begin recovery from the current recession next year, growth will not return until 2011/12. In the office market, rentals are expected to fall again this year, with a 29% drop in take up predicted for major Western European cities. Suggests that prime rents will not recover until 2011.
590 ## - LOCAL NOTE (RLIN)
Local note KA
650 24 - SUBJECT ADDED ENTRY--TOPICAL TERM
Topical term or geographic name entry element KING STURGE EUROPEAN OFFICE PROPERTY MARKETS
651 #4 - SUBJECT ADDED ENTRY--GEOGRAPHIC NAME
Geographic name Europe
690 ## - LOCAL SUBJECT ADDED ENTRY--TOPICAL TERM (OCLC, RLIN)
Topical term or geographic name as entry element PROPERTY-COMMERCIAL PROPERTY-COMMERCIAL PROPERTY MARKET
690 ## - LOCAL SUBJECT ADDED ENTRY--TOPICAL TERM (OCLC, RLIN)
Topical term or geographic name as entry element PROPERTY-COMMERCIAL PROPERTY-OFFICE PROPERTY
856 40 - ELECTRONIC LOCATION AND ACCESS
Uniform Resource Identifier <a href="https://www.kingsturge.com/">https://www.kingsturge.com/</a>
Public note View the research report free of charge (registration required) at www.kingsturge.com...
942 ## - ADDED ENTRY ELEMENTS (KOHA)
Suppress in OPAC 0
Holdings
Withdrawn status Lost status Source of classification or shelving scheme Damaged status Not for loan Home library Current library Shelving location Date acquired Total Checkouts Full call number Barcode Date last seen Copy number Price effective from Koha item type
    Dewey Decimal Classification     Virtual Virtual Online 16/10/2009   ONLINE PUBLICATION 148667-2001 06/08/2019 1 06/08/2019 Book